| 000 | 00805nam a2200265 a 4500 | ||
|---|---|---|---|
| 001 | 000043590 | ||
| 003 | DO-SdBNP | ||
| 005 | 20180327132351.0 | ||
| 007 | 000043590 | ||
| 008 | 140327s2014 dr a 000 0 spa d | ||
| 020 | _a9789945497090 | ||
| 040 |
_aBPMSU _bspa _cBPMSU |
||
| 092 |
_axxx _bxxx |
||
| 100 | 1 | _aFerrari, Andrea | |
| 245 | 1 | 0 |
_aTambién las estatuas tienen miedo / _cAndrea Ferrari ; ilustración de cubierta de Pablo Bernasconi. |
| 260 |
_aSanto Domingo : _bAlfaguara, _c2014. |
||
| 300 |
_a147 p. : _bil. ; _c20 cm. |
||
| 490 | _aAlfaguara juvenil | ||
| 700 |
_aBernasconi, Pablo _eil. |
||
| 830 | _pAlfaguara juvenil | ||
| 942 |
_2ddc _cBK |
||
| 945 | _ainventariado, 2018 / dg | ||
| 956 |
_aLOPEREZ _b10 _c20140409 _lBPMSU _h1515 |
||
| 956 |
_aVMATEO _b10 _c20150428 _lBPMSU _h00151 |
||
| 999 |
_c7731 _d7731 |
||